00449nam a22001457a 450000500170000001000130001702000150003003500130004503700390005808200120009724500980010926000570020730000210026470000180028520190208122807.0 aB-058606 a8171003672 aB-058606 bDeep & Deep Publications Pvt. Ltd. a954.021 aRival hindu kingdoms and sultans:bfusion of the hindu and muslim civilization /cH.S. Bhatia aNew 'DelhibDeep & Deep Publications Pvt. Ltd.c2001 a384p.c22cm(hbk) aBhatia, H. S.